01405nab a22002057a 4500003000400000005001700004008004100021040000700062100002600069245013800095260004200233300001300275500003400288505042100322505008900743650002200832650002700854773011300881856020500994OSt20260202203855.0190506c xxu||||| |||| 00| 0 spa d cPJ aCayzac, Hugo Fernando10aLa responsabilidad laboral solidaria del socio no administrador en el caso de trasvasamiento de sociedades /cHugo Fernando Cayzac. aBuenos Aires :bAbeledoPerrot,c2023. ap. 34-42 aCita Online: AR/DOC/652/2023. aSumario: I. Introducción.— II. Delimitación del concepto “conflicto intrasindical”.— III. El procedimiento y la competencia para resolver los conflictos intrasindicales.— IV. Los valores implicados.— V. El problema. El régimen disciplinario.— VI. La Jurisprudencia frente a estos conflictos.— VII. La situación en la Provincia de Tierra del Fuego.— VIII. Conclusión.— IX. Bibliografía t¿Te interesa el texto completo? Comunicate al correo: koha@justierradelfuego.gov.ar 0aDERECHO COMERCIAL 0aSOCIEDADES COMERCIALES0 02751dBuenos Aires : AbeledoPerrot, 2013-tRevista de derecho laboral y seguridad social. Nº 9 - Mayo 2023 uhttps://www.justierradelfuego.gov.ar/wp-content/uploads/2024/09/La-responsabilidad-laboral-solidaria-del-socio-no-administrador-en-el-caso-de-trasvasamiento-de-sociedades.pdfyAcceso al texto completo